000
00237nam a2200097Ia 4500
008
200302s9999 xx 000 0 und d
100
_a
Wm F Powell
245
_a
Understanding Color
260
_b
Walter T. Foster Publication
300
_a
36 P.,
999
_c
566
_d
566